[Event "International Tournament "]
[Site "Paracin"]
[Date "2019.07.05"]
[Round "1.37"]
[White "Tyurin, Artem"]
[Black "Tanriverdi, Enes"]
[Result "0-1"]
[WhiteElo "2107"]
[BlackElo "2374"]
[PlyCount "110"]
[EventDate "2019.07.05"]

1. c4 e5 2. Nc3 Nc6 3. g3 g6 4. Bg2 Bg7 5. d3 d6 6. Rb1 f5 7. b4 Nf6 8. b5 Ne7
9. Qb3 O-O 10. a4 Rb8 11. e3 Be6 12. Nge2 Qd7 13. O-O g5 14. d4 e4 15. d5 Bf7
16. Nd4 Ng6 17. f3 exf3 18. Nxf3 f4 19. Nxg5 fxg3 20. hxg3 Qg4 21. Nce4 Nxe4
22. Nxe4 Ne5 23. Rf4 Qh5 24. Bb2 Bg6 25. Rbf1 Bxe4 26. Bxe4 Qh3 27. Qc2 Qxg3+
28. Kh1 Qh3+ 29. Kg1 Qxe3+ 30. Qf2 Nxc4 31. Qxe3 Nxe3 32. Rxf8+ Rxf8 33. Rxf8+
Kxf8 34. Bc1 Nd1 35. Bxh7 Nc3 36. Be3 b6 37. Bg5 Nxa4 38. Bd8 Nc3 39. Bxc7 Nxb5
40. Bb8 Ke7 41. Bd3 a6 42. Kf2 Kd7 43. Bf5+ Kd8 44. Ke3 Bd4+ 45. Kd3 Bc5 46.
Bg4 Na3 47. Kc3 b5 48. Kb3 a5 49. Be2 a4+ 50. Ka2 Nc4 51. Bg4 b4 52. Be2 b3+
53. Kb1 Nd2+ 54. Kc1 a3 55. Kxd2 a2 0-1

[Event "International Tournament "]
[Site "Paracin"]
[Date "2019.07.05"]
[Round "1.38"]
[White "Abramovic, Bosko"]
[Black "Maksimovic, Masa"]
[Result "1/2-1/2"]
[WhiteElo "2373"]
[BlackElo "2102"]
[PlyCount "65"]
[EventDate "2019.07.05"]

1. d4 g6 2. e4 Bg7 3. Nc3 d6 4. Nge2 Nf6 5. g3 O-O 6. Bg2 Nbd7 7. O-O c5 8. d5
Rb8 9. a4 b6 10. h3 a6 11. Rb1 b5 12. axb5 axb5 13. b4 Ba6 14. Be3 Qc7 15. f4
cxb4 16. Rxb4 Rfc8 17. Bd4 Nc5 18. Qd2 Na4 19. Rfb1 Nxc3 20. Nxc3 Nd7 21. Bxg7
Kxg7 22. Nxb5 Qxc2 23. Qxc2 Rxc2 24. Nd4 Rxb4 25. Rxb4 Rc4 26. Rxc4 Bxc4 27.
Kf2 Kf6 28. h4 e6 29. dxe6 fxe6 30. Ke3 e5 31. Nf3 h6 32. Bh3 Be6 33. Bxe6
1/2-1/2

[Event "International Tournament "]
[Site "Paracin"]
[Date "2019.07.05"]
[Round "1.39"]
[White "Kosmidis, Ioannis"]
[Black "Koksal, Ege"]
[Result "0-1"]
[WhiteElo "2100"]
[BlackElo "2368"]
[PlyCount "82"]
[EventDate "2019.07.05"]

1. d4 Nf6 2. c4 e6 3. g3 d5 4. Nf3 dxc4 5. Qa4+ Nbd7 6. Qxc4 a6 7. Bg2 b5 8.
Qc6 Rb8 9. Bf4 Nd5 10. Bg5 N5f6 11. O-O Bb7 12. Qc1 Rc8 13. Rd1 Be7 14. Nc3 O-O
15. Ne5 Bxg2 16. Kxg2 Qe8 17. Nxd7 Nxd7 18. Bxe7 Qxe7 19. Qe3 c5 20. Ne4 c4 21.
h4 h6 22. Qf4 Nb6 23. Qd6 Qxd6 24. Nxd6 Rc6 25. Nb7 Nd7 26. e4 Rc7 27. Nd6 Nb6
28. Rac1 Rd8 29. e5 Rb8 30. Kf3 Nd5 31. a3 Nb6 32. Ke4 Kf8 33. g4 Ke7 34. h5
Nd5 35. Rg1 c3 36. b3 c2 37. Rg3 Rc6 38. b4 Rc7 39. Nxf7 Kxf7 40. Rd3 Nc3+ 41.
Rxc3 Rxc3 0-1

[Event "International Tournament "]
[Site "Paracin"]
[Date "2019.07.05"]
[Round "1.40"]
[White "Bashirli, Nail"]
[Black "Kolbert, Engelbert"]
[Result "1-0"]
[WhiteElo "2367"]
[BlackElo "2096"]
[PlyCount "41"]
[EventDate "2019.07.05"]

1. e4 c5 2. Nc3 Nc6 3. Bb5 Nd4 4. Nf3 a6 5. Bd3 d6 6. Nxd4 cxd4 7. Ne2 e5 8.
O-O d5 9. exd5 Qxd5 10. c4 Qc6 11. Re1 Be6 12. Ng3 Bd6 13. b4 Bxc4 14. Bxc4
Qxc4 15. Nf5 Bc7 16. d3 Qc3 17. Bf4 Kf8 18. Rc1 Qxb4 19. Rxe5 f6 20. Rxc7 fxe5
21. Bxe5 1-0

[Event "International Tournament "]
[Site "Paracin"]
[Date "2019.07.05"]
[Round "1.41"]
[White "Shoshin, Kirill"]
[Black "Avalyan, Artur"]
[Result "0-1"]
[WhiteElo "2089"]
[BlackElo "2351"]
[PlyCount "58"]
[EventDate "2019.07.05"]

1. d4 Nf6 2. Nf3 d5 3. c3 g6 4. Bg5 Bg7 5. Nbd2 O-O 6. e3 b6 7. Bd3 Bb7 8. O-O
Nbd7 9. Re1 c5 10. e4 cxd4 11. Bxf6 Nxf6 12. Nxd4 e5 13. N4f3 Qc7 14. Qc2 Rad8
15. Rad1 dxe4 16. Nxe4 Nd5 17. Ng3 h6 18. Qb3 Nf4 19. Be4 Ba6 20. Qa4 Bc4 21.
b3 Bd3 22. c4 Bxe4 23. Nxe4 Nd3 24. Qb5 Nxe1 25. Rxe1 f5 26. Nc3 e4 27. Nd5 Qd7
28. Qa6 exf3 29. Re7 Rfe8 0-1

[Event "International Tournament "]
[Site "Paracin"]
[Date "2019.07.05"]
[Round "1.42"]
[White "Sadykov, Ramil"]
[Black "Toncheva, Nadya"]
[Result "0-1"]
[WhiteElo "2342"]
[BlackElo "2087"]
[PlyCount "132"]
[EventDate "2019.07.05"]

1. e4 c5 2. Nf3 Nc6 3. Bb5 e6 4. Bxc6 bxc6 5. d3 Ne7 6. Qe2 d6 7. e5 d5 8. O-O
h5 9. Bg5 Qc7 10. Bxe7 Bxe7 11. c4 g5 12. Nc3 Rb8 13. Na4 Rb4 14. b3 g4 15. Nd2
f6 16. f4 Bd7 17. Rac1 Kd8 18. Kh1 Rf8 19. a3 Rb8 20. cxd5 cxd5 21. Nxc5 Qa5
22. b4 Qxa3 23. exf6 Rxf6 24. Qe5 Rxb4 25. Nxd7 Kxd7 26. Rc7+ Kd8 27. Rfc1 Rb8
28. Qxh5 Qd6 29. Qh8+ Rf8 30. Qg7 Rxf4 31. Rxa7 Qc5 32. Qh8+ Rf8 33. Rxc5 Rxh8
34. Rcc7 Rxh2+ 35. Kg1 Rh7 36. d4 Rb2 37. Nf1 Rb1 38. Rcb7 Rxb7 39. Rxb7 Rf7
40. Ng3 Rf4 41. Ne2 Re4 42. Kf1 Bf6 43. Rb4 Kd7 44. Ke1 Kc6 45. Kd2 Bg5+ 46.
Ke1 Kd7 47. Kf1 Bf6 48. Ra4 Ke8 49. Ra8+ Kf7 50. Ra7+ Kg6 51. Ra6 Bxd4 52. Nxd4
Rxd4 53. Rxe6+ Kf5 54. Re3 Kf4 55. Ra3 Rd2 56. Ra4+ Ke3 57. Ra3+ Rd3 58. Ra1 d4
59. Re1+ Kf4 60. Re8 Rd2 61. Rd8 d3 62. Ke1 Re2+ 63. Kd1 Ke3 64. Re8+ Kf2 65.
Rd8 Re3 66. Kd2 Rg3 0-1

[Event "International Tournament "]
[Site "Paracin"]
[Date "2019.07.05"]
[Round "1.43"]
[White "Ozsoy, Alimert"]
[Black "Nestorovic, Dejan"]
[Result "0-1"]
[WhiteElo "2087"]
[BlackElo "2341"]
[PlyCount "90"]
[EventDate "2019.07.05"]

1. e4 c5 2. Nf3 e6 3. d4 cxd4 4. Nxd4 Qb6 5. Nb5 Bc5 6. Be3 Bxe3 7. fxe3 Qxe3+
8. Be2 Na6 9. N1c3 Nf6 10. Nd6+ Ke7 11. Nc4 Qc5 12. e5 Ne8 13. Qd2 b5 14. b4
Qc6 15. Nd6 Rb8 16. Bxb5 Qc7 17. O-O f6 18. exf6+ gxf6 19. Nxe8 Rxe8 20. Rae1
Bb7 21. Qd3 Rf8 22. Bxa6 Qb6+ 23. Kh1 Bxa6 24. Qxh7+ Kd8 25. b5 Bxb5 26. Qh6
Kc7 27. Rxf6 Rxf6 28. Qxf6 Bc6 29. Qe5+ Kc8 30. Rf1 Qb4 31. h3 Rb6 32. Rf4 Qa3
33. Qe3 Kb7 34. h4 Rb2 35. Qd2 Qe7 36. Nd1 Rb1 37. Kh2 e5 38. Rc4 e4 39. g3 e3
40. Qe2 Qe6 41. Rd4 Qf5 42. a3 Qf3 43. Rxd7+ Kc8 44. Qa6+ Kxd7 45. Qxa7+ Ke6
0-1

[Event "International Tournament "]
[Site "Paracin"]
[Date "2019.07.05"]
[Round "1.44"]
[White "O`donnell, Conor"]
[Black "Jonsson, Gauti Pall"]
[Result "1-0"]
[WhiteElo "2341"]
[BlackElo "2080"]
[PlyCount "83"]
[EventDate "2019.07.05"]

1. c4 e5 2. Nc3 Nc6 3. Nf3 Nf6 4. e4 Bb4 5. d3 d6 6. a3 Bxc3+ 7. bxc3 Bg4 8.
Be2 Qe7 9. O-O O-O 10. Ne1 Bxe2 11. Qxe2 Nd7 12. Nc2 Qe6 13. Rb1 b6 14. Nb4
Nxb4 15. axb4 a5 16. Be3 axb4 17. cxb4 f5 18. exf5 Qxf5 19. Ra1 Nf6 20. f3 h5
21. h4 d5 22. Bg5 Nh7 23. Bd2 Nf6 24. Bc3 Rxa1 25. Bxa1 d4 26. Bb2 Qf4 27. Qf2
Qf5 28. Qe2 Qf4 29. Bc1 Qxh4 30. Qxe5 Re8 31. Qxc7 Re1 32. Qf4 Rxf1+ 33. Kxf1
Qh1+ 34. Kf2 Qd1 35. Qd2 Qh1 36. Qe1 Qh2 37. Qe6+ Kh7 38. Qf5+ Kg8 39. Bg5 h4
40. Bxf6 Qg3+ 41. Kf1 gxf6 42. Qxf6 1-0

[Event "International Tournament "]
[Site "Paracin"]
[Date "2019.07.05"]
[Round "1.45"]
[White "Peycheva, Gergana"]
[Black "Franklin, Samuel G A"]
[Result "1-0"]
[WhiteElo "2065"]
[BlackElo "2339"]
[PlyCount "89"]
[EventDate "2019.07.05"]

1. d4 Nf6 2. c4 g6 3. Nc3 Bg7 4. e4 d6 5. Nf3 O-O 6. Be2 e5 7. O-O Nc6 8. d5
Ne7 9. b4 a5 10. Ba3 axb4 11. Bxb4 b6 12. a4 Re8 13. Qd3 Nf5 14. a5 bxa5 15.
Bxa5 Bd7 16. exf5 e4 17. Qd2 exf3 18. Bxf3 Bxf5 19. Nb5 Rc8 20. c5 dxc5 21.
Nxc7 Ne4 22. Bxe4 Rxe4 23. Ne6 Qd6 24. Nxg7 Kxg7 25. Bc3+ Kg8 26. Ra7 Rd8 27.
Rfa1 f6 28. Qh6 Re7 29. h4 Rde8 30. R7a6 Qxd5 31. Bxf6 Rf7 32. h5 Ref8 33. Bc3
Qd3 34. Be5 gxh5 35. R1a3 Qb1+ 36. Kh2 h4 37. Qxh4 Bg6 38. Rxg6+ Qxg6 39. Rg3
Rf5 40. Qc4+ R8f7 41. Rxg6+ hxg6 42. Qxc5 Rxf2 43. Qc8+ Rf8 44. Qe6+ Kh7 45.
Qe7+ 1-0

[Event "International Tournament "]
[Site "Paracin"]
[Date "2019.07.05"]
[Round "1.46"]
[White "Baglan, Esat"]
[Black "Karaoglan, Kivanc"]
[Result "1/2-1/2"]
[WhiteElo "2336"]
[BlackElo "2062"]
[PlyCount "96"]
[EventDate "2019.07.05"]

1. e4 e6 2. d4 d5 3. Nd2 c5 4. Ngf3 cxd4 5. Nxd4 Nf6 6. exd5 Qxd5 7. Nb5 Na6 8.
c4 Qd8 9. Be2 Be7 10. O-O O-O 11. Nf3 Bd7 12. Nc3 Qc7 13. Qd4 Nb4 14. Bf4 Qa5
15. Qe5 Qxe5 16. Nxe5 Rfd8 17. Rad1 Nc6 18. Nxd7 Rxd7 19. Rxd7 Nxd7 20. Rd1 Nf6
21. Bf3 Rc8 22. b3 Kf8 23. Kf1 Rd8 24. Rxd8+ Bxd8 25. Nb5 e5 26. Be3 e4 27. Bd1
a6 28. Nd6 b6 29. Bc2 Nb4 30. Bb1 Bc7 31. Nc8 Ng4 32. Bxb6 Bxb6 33. Nxb6 Nxh2+
34. Kg1 Ng4 35. a3 Nd3 36. f3 Nf6 37. Bxd3 exd3 38. Kf2 Nh5 39. Ke3 Nf4 40. g3
Ne2 41. g4 Nd4 42. b4 d2 43. Kxd2 Nxf3+ 44. Ke3 Ne5 45. Kf4 f6 46. b5 axb5 47.
cxb5 Ke7 48. Nd5+ Ke6 1/2-1/2

[Event "International Tournament "]
[Site "Paracin"]
[Date "2019.07.05"]
[Round "1.47"]
[White "Angun, Batu"]
[Black "Gajic, Mladen"]
[Result "1/2-1/2"]
[WhiteElo "2054"]
[BlackElo "2334"]
[PlyCount "80"]
[EventDate "2019.07.05"]

1. d4 d6 2. Nf3 g6 3. c4 Bg7 4. Nc3 Nf6 5. e4 O-O 6. Be2 c5 7. dxc5 dxc5 8. Be3
Qa5 9. O-O Nc6 10. Nd2 Nd4 11. Nb3 Nxe2+ 12. Qxe2 Qc7 13. Bxc5 b6 14. Bd4 Ng4
15. g3 e5 16. Nd5 Qb7 17. Bc3 h5 18. c5 Kh7 19. cxb6 axb6 20. Bb4 Rd8 21. Qb5
f5 22. Qxb6 Qxb6 23. Nxb6 Rb8 24. Bc5 Be6 25. Na5 Rd2 26. Nac4 Re2 27. Rfe1 Rc2
28. Rac1 Rxc1 29. Rxc1 fxe4 30. a4 Bh6 31. Ne3 Bxe3 32. fxe3 Rd8 33. h3 Nh6 34.
Bb4 Rd3 35. Bc3 Rxe3 36. Bxe5 Nf7 37. Bf4 Rb3 38. a5 Rxb2 39. Re1 e3 40. Rxe3
Bxh3 1/2-1/2

[Event "International Tournament "]
[Site "Paracin"]
[Date "2019.07.05"]
[Round "1.48"]
[White "Audi, Ameya"]
[Black "Jijo, Joy"]
[Result "0-1"]
[WhiteElo "2328"]
[BlackElo "2053"]
[PlyCount "73"]
[EventDate "2019.07.05"]

1. d4 d5 2. c4 c6 3. cxd5 cxd5 4. Bf4 Nc6 5. e3 Nf6 6. Nc3 Bf5 7. Qb3 Na5 8.
Qa4+ Bd7 9. Qc2 Nc6 10. Nf3 e6 11. a3 Be7 12. Bd3 Nh5 13. Be5 f6 14. Bg3 f5 15.
Be5 Nf6 16. h3 O-O 17. g4 Ne4 18. gxf5 Rxf5 19. Nxe4 Rxf3 20. Nd2 Nxe5 21. dxe5
Rf8 22. Ke2 Rc8 23. Qb3 Bh4 24. Raf1 Qg5 25. Qb4 Be8 26. Rhg1 Bh5+ 27. f3 Bg3
28. Qd4 h6 29. Rg2 Be8 30. f4 Qh5+ 31. Nf3 Bh4 32. Rfg1 Rc7 33. Bc2 Qxf3+ 34.
Kxf3 Bh5+ 35. Rg4 Rxc2 36. R1g2 Bxg4+ 37. hxg4 0-1

[Event "International Tournament "]
[Site "Paracin"]
[Date "2019.07.05"]
[Round "1.49"]
[White "Krstic, Milos"]
[Black "Chen, Peng"]
[Result "0-1"]
[WhiteElo "2050"]
[BlackElo "2328"]
[PlyCount "66"]
[EventDate "2019.07.05"]

1. e4 c5 2. Nf3 d6 3. d4 Nf6 4. Nc3 cxd4 5. Nxd4 Nc6 6. Bg5 e6 7. Qd2 a6 8.
O-O-O Bd7 9. f4 b5 10. Re1 Be7 11. e5 dxe5 12. fxe5 Nd5 13. Bxe7 Ndxe7 14. Ne4
O-O 15. Nd6 Nxd4 16. Qxd4 Bc6 17. Bd3 Nc8 18. Qf4 Nxd6 19. exd6 Ra7 20. Re3 Rd7
21. Rd1 Qf6 22. Qxf6 gxf6 23. Rg3+ Kh8 24. Rh3 f5 25. g4 f4 26. Rxh7+ Kg8 27.
Re1 Rxd6 28. Re5 Rxd3 29. Reh5 f5 30. Rh8+ Kf7 31. R5h7+ Kg6 32. Rxf8 Kxh7 33.
cxd3 Kg7 0-1

[Event "International Tournament "]
[Site "Paracin"]
[Date "2019.07.05"]
[Round "1.50"]
[White "Krasteva, Beloslava"]
[Black "Farkas, Sandor I"]
[Result "1-0"]
[WhiteElo "2327"]
[BlackElo "2048"]
[PlyCount "109"]
[EventDate "2019.07.05"]

1. d4 Nf6 2. c4 g6 3. Nc3 Bg7 4. e4 d6 5. h3 O-O 6. Be3 c5 7. d5 e6 8. Bd3 exd5
9. exd5 a6 10. a4 Re8 11. Nf3 Nbd7 12. O-O Ne5 13. Nxe5 Rxe5 14. Bf4 Re8 15.
Re1 Rxe1+ 16. Qxe1 Qf8 17. Qd2 Bd7 18. a5 Re8 19. g4 Bc8 20. Kg2 h6 21. Re1
Rxe1 22. Qxe1 Bd7 23. Qd2 Kh7 24. Ne2 Qe7 25. Ng3 Ng8 26. b4 Be5 27. bxc5 dxc5
28. Bxe5 Qxe5 29. Ne4 Qc7 30. Qe3 Qxa5 31. Nxc5 Qc7 32. Qd4 a5 33. d6 Qd8 34.
Nxb7 Bc6+ 35. Be4 Bxe4+ 36. Qxe4 Nf6 37. Nxd8 Nxe4 38. Nb7 Nf6 39. Nxa5 Nd7 40.
Nb7 Kg7 41. c5 Kf6 42. c6 Ke6 43. cxd7 Kxd7 44. Kf3 f6 45. Ke4 Ke6 46. Nd8+
Kxd6 47. Nf7+ Ke6 48. Nxh6 Ke7 49. Kd5 Kf8 50. Ke6 Kg7 51. Nf7 g5 52. Nd6 Kg6
53. Ne8 Kh7 54. Nxf6+ Kh6 55. Ne4 1-0

[Event "International Tournament "]
[Site "Paracin"]
[Date "2019.07.05"]
[Round "1.51"]
[White "Shahil, Dey"]
[Black "Rabrenovic, Vladan"]
[Result "1/2-1/2"]
[WhiteElo "2037"]
[BlackElo "2326"]
[PlyCount "61"]
[EventDate "2019.07.05"]

1. e4 d6 2. d4 Nf6 3. Nc3 e5 4. Nf3 Nbd7 5. dxe5 dxe5 6. Bc4 Bd6 7. O-O h6 8.
Nh4 Nb6 9. Bd3 Nxe4 10. Bb5+ c6 11. Nxe4 Be7 12. Qxd8+ Bxd8 13. Nd6+ Kf8 14.
Ng6+ fxg6 15. Bd3 g5 16. Bg6 Bc7 17. Ne8 Bd8 18. Nd6 Ke7 19. Nf7 Rf8 20. Nxe5
Bc7 21. Nf3 Bg4 22. Be4 Rae8 23. h3 Bf5 24. Bxf5 Rxf5 25. b3 Kf7 26. Bb2 Nd5
27. Rfe1 Rxe1+ 28. Rxe1 Nf4 29. Be5 Bxe5 30. Nxe5+ Kg8 31. Nc4 1/2-1/2

[Event "International Tournament "]
[Site "Paracin"]
[Date "2019.07.05"]
[Round "1.52"]
[White "Maksimovic, Bojan"]
[Black "Gallevci, Yagiz"]
[Result "1-0"]
[WhiteElo "2326"]
[BlackElo "2036"]
[PlyCount "141"]
[EventDate "2019.07.05"]

1. e4 c6 2. d3 d5 3. Nd2 e5 4. Ngf3 Bd6 5. d4 exd4 6. exd5 cxd5 7. Be2 Nc6 8.
O-O Nge7 9. Nb3 O-O 10. Nbxd4 Nf5 11. c3 Nfxd4 12. Nxd4 Nxd4 13. Qxd4 Qc7 14.
h3 Be6 15. Be3 b6 16. Qd2 Rad8 17. Rad1 d4 18. Bxd4 Bxa2 19. Qg5 f6 20. Qh4 Kh8
21. c4 Bh2+ 22. Kh1 Qf4 23. Qxf4 Bxf4 24. g3 Bb8 25. Be3 Bb3 26. Ra1 Bc2 27. b4
Rfe8 28. Rfc1 Be4+ 29. Kg1 Bc6 30. Ra3 Re7 31. c5 b5 32. Ra6 Bb7 33. Ra5 a6 34.
c6 Bc8 35. Ra3 Bc7 36. Kg2 g6 37. Bg4 f5 38. Bf3 Re6 39. h4 Kg7 40. Rac3 h6 41.
Kf1 Re7 42. Re1 Ree8 43. Rcc1 Be6 44. Ra1 Bc8 45. Bd4+ Kf7 46. Rxe8 Rxe8 47.
Bd5+ Kf8 48. Bc5+ Kg7 49. f4 h5 50. Kf2 Bd8 51. Rc1 Bc7 52. Rc3 Kh7 53. Bf7 Re4
54. Re3 Rxe3 55. Kxe3 Kg7 56. Be8 Be6 57. Kd4 Kf6 58. Bf8 Bb6+ 59. Bc5 Bc7 60.
Kc3 Bd5 61. Bd4+ Ke6 62. Be5 Bb6 63. c7 Bb7 64. Bxg6 a5 65. Bxh5 axb4+ 66. Kxb4
Bf2 67. Bf3 Ba6 68. Ka5 Bc8 69. Kxb5 Bxg3 70. h5 Kf7 71. Bd5+ 1-0

[Event "International Tournament "]
[Site "Paracin"]
[Date "2019.07.05"]
[Round "1.53"]
[White "Kishan, Gangolli"]
[Black "Konaplev, Anton"]
[Result "1/2-1/2"]
[WhiteElo "2035"]
[BlackElo "2314"]
[PlyCount "41"]
[EventDate "2019.07.05"]

1. d4 Nf6 2. c4 e6 3. Nc3 Bb4 4. e3 O-O 5. Bd2 d5 6. Nf3 b6 7. cxd5 exd5 8. Bd3
Bb7 9. Rc1 a6 10. Ne5 Bd6 11. f4 Nbd7 12. O-O Qe7 13. Qf3 Bb4 14. Qh3 Rfd8 15.
Be1 Qd6 16. Bh4 h6 17. Nxd7 Qxd7 18. Qxd7 Rxd7 19. Bxf6 gxf6 20. Rf3 Re8 21.
Nd1 1/2-1/2

[Event "International Tournament "]
[Site "Paracin"]
[Date "2019.07.05"]
[Round "1.54"]
[White "Lazov, Toni"]
[Black "Liu, Hongyan"]
[Result "1-0"]
[WhiteElo "2313"]
[BlackElo "2033"]
[PlyCount "47"]
[EventDate "2019.07.05"]

1. e4 e6 2. d4 d5 3. Nd2 dxe4 4. Nxe4 Bd7 5. Nf3 Bc6 6. Bd3 Nd7 7. O-O Ngf6 8.
Neg5 Bxf3 9. Qxf3 c6 10. Re1 Be7 11. Qh3 Nf8 12. c3 h6 13. Nf3 N8d7 14. Rxe6
Nc5 15. dxc5 fxe6 16. Ne5 Qd5 17. Bf4 Bxc5 18. Bc4 Qd6 19. Ng6 Bxf2+ 20. Kf1 e5
21. Bxe5 Qd7 22. Bxf6 gxf6 23. Qxd7+ Kxd7 24. Nxh8 1-0

[Event "International Tournament "]
[Site "Paracin"]
[Date "2019.07.05"]
[Round "1.55"]
[White "Tadic, Katarina"]
[Black "Milosevic, Milos"]
[Result "1-0"]
[WhiteElo "2021"]
[BlackElo "2312"]
[PlyCount "83"]
[EventDate "2019.07.05"]

1. Nf3 Nf6 2. c4 g6 3. g3 Bg7 4. Bg2 O-O 5. O-O d6 6. d4 Nc6 7. d5 Na5 8. Qa4
c5 9. Bd2 b6 10. Bc3 Bd7 11. Qc2 Nxc4 12. Bxf6 Bxf6 13. Qxc4 Bxb2 14. Nbd2 Bxa1
15. Rxa1 b5 16. Qh4 Kg7 17. g4 h6 18. g5 h5 19. e4 Qa5 20. Qf4 Qc3 21. Re1 f6
22. h3 Rae8 23. gxf6+ Rxf6 24. Qg3 e5 25. dxe6 Rexe6 26. e5 Rf5 27. Re3 Qa1+
28. Kh2 Qxa2 29. h4 d5 30. Bh3 Rf7 31. Bxe6 Bxe6 32. Ng5 Bg4 33. e6 Kg8 34. Qc7
Rxf2+ 35. Kg3 Rg2+ 36. Kf4 Qa4+ 37. Nde4 Rf2+ 38. Kg3 dxe4 39. Nf7 Kf8 40. e7+
Ke8 41. Qc6+ Kxe7 42. Rxe4+ 1-0

[Event "International Tournament "]
[Site "Paracin"]
[Date "2019.07.05"]
[Round "1.56"]
[White "Apaydin, Fethi"]
[Black "Harshini, A."]
[Result "1/2-1/2"]
[WhiteElo "2310"]
[BlackElo "2018"]
[PlyCount "116"]
[EventDate "2019.07.05"]

1. e4 e5 2. Nc3 Nf6 3. g3 Bc5 4. Bg2 d6 5. h3 a6 6. Nge2 Nc6 7. O-O Be6 8. Nd5
Qd7 9. Kh2 O-O-O 10. c3 Ba7 11. d3 Ne7 12. Nxf6 gxf6 13. f4 f5 14. g4 fxg4 15.
f5 Nxf5 16. exf5 Bxf5 17. Ng3 Be6 18. hxg4 Bxg4 19. Qxg4 Qxg4 20. Bh3 Rdg8 21.
Rxf7 h5 22. Bxg4+ Rxg4 23. Kh3 Rhg8 24. Nf5 Kd8 25. Bh6 R8g6 26. Rf1 Bg1 27.
Rf8+ Kd7 28. Rf7+ Kd8 29. Rf3 Rg2 30. Kh4 Rh2+ 31. Rh3 Bf2+ 32. Kxh5 Rxh6+ 33.
Kxh6 Rxh3+ 34. Kg6 Bb6 35. Kf6 Rh8 36. Ne7 Ke8 37. Nf5 Rg8 38. b4 Kd8 39. Ne7
Re8 40. Nd5 Kc8 41. c4 e4 42. Ne7+ Kd7 43. Nd5+ Kc8 44. Re7 Rxe7 45. Nxe7+ Kd7
46. dxe4 Bd4+ 47. Kf7 b5 48. cxb5 axb5 49. Nd5 c5 50. bxc5 dxc5 51. a4 b4 52.
Nb6+ Kc6 53. Nc4 Bc3 54. Na5+ Kb6 55. Nc4+ Ka6 56. Ke6 b3 57. Kd6 b2 58. Nxb2
Bxb2 1/2-1/2

[Event "International Tournament "]
[Site "Paracin"]
[Date "2019.07.05"]
[Round "1.57"]
[White "Ulziikhishigjargal, Ochirkhuyag"]
[Black "Injac, Teodora"]
[Result "1-0"]
[WhiteElo "2017"]
[BlackElo "2305"]
[PlyCount "95"]
[EventDate "2019.07.05"]

1. e4 e6 2. d4 d5 3. Nd2 Be7 4. Ngf3 Nf6 5. Bd3 c5 6. exd5 exd5 7. dxc5 O-O 8.
Nb3 a5 9. a4 Nbd7 10. Be3 Qc7 11. Bd4 Ne4 12. Bxe4 dxe4 13. Nfd2 Nxc5 14. Bxc5
Bxc5 15. O-O Bd6 16. h3 Bh2+ 17. Kh1 Be5 18. c3 b6 19. Nxe4 Bb7 20. f3 f5 21.
Nf2 Ba6 22. Re1 Bg3 23. Qc2 Rad8 24. Rad1 Rxd1 25. Rxd1 Qf7 26. Nd4 Bc4 27. Kg1
Qg6 28. b3 Ba6 29. c4 Be5 30. Ne2 Bb7 31. Kf1 Bd6 32. Nd3 f4 33. Qd2 Qf5 34.
Nc3 h5 35. Nf2 Bb4 36. Qd3 Qe5 37. Nd5 Re8 38. Qe4 Bc5 39. Qxe5 Rxe5 40. Nxf4
Rf5 41. Rd8+ Kh7 42. Nd5 Re5 43. Ne4 Ba3 44. Ke2 Kg6 45. Kd3 Kf5 46. g4+ hxg4
47. hxg4+ Kg6 48. f4 1-0

[Event "International Tournament "]
[Site "Paracin"]
[Date "2019.07.05"]
[Round "1.58"]
[White "¦, Emre Emin"]
[Black "Rutten, Alexander"]
[Result "1-0"]
[WhiteElo "2301"]
[BlackElo "2010"]
[PlyCount "121"]
[EventDate "2019.07.05"]

1. d4 Nf6 2. Nf3 c5 3. d5 e6 4. Nc3 exd5 5. Nxd5 Nxd5 6. Qxd5 d6 7. e4 Nc6 8.
Bc4 Be6 9. Qd3 Be7 10. O-O O-O 11. c3 Qc7 12. Bf4 Rad8 13. h3 Ne5 14. Bxe5 dxe5
15. Qe2 Bd7 16. a4 Bc6 17. Qc2 b6 18. Rfe1 Bf6 19. Re2 g6 20. Bb5 Bb7 21. a5
bxa5 22. Qa4 Qb6 23. Kh2 Ba6 24. Bxa6 Qxa6 25. Rc2 Kg7 26. Qxa5 Qd3 27. Qa4 c4
28. Re1 h5 29. Rcc1 Qd7 30. Qxc4 g5 31. Qe2 g4 32. Ng1 Bg5 33. Rcd1 Qe6 34.
Rxd8 Rxd8 35. Rd1 Rxd1 36. Qxd1 Kg6 37. b3 a5 38. hxg4 hxg4 39. Ne2 Qc8 40. Qd3
Qe6 41. c4 Qb6 42. Kg1 Qb4 43. Qd1 a4 44. bxa4 Qxc4 45. Ng3 Qc1 46. Qxc1 Bxc1
47. a5 Ba3 48. a6 Bc5 49. Nf5 Kf6 50. g3 Ke6 51. Nh6 f6 52. Nxg4 f5 53. exf5+
Kxf5 54. Ne3+ Ke4 55. Kg2 Ba7 56. Nc4 Kd5 57. Na3 Kc6 58. g4 e4 59. g5 Bd4 60.
g6 Kb6 61. a7 1-0

[Event "International Tournament "]
[Site "Paracin"]
[Date "2019.07.05"]
[Round "1.59"]
[White "Patil, Mitali"]
[Black "Wong, Jianwen"]
[Result "0-1"]
[WhiteElo "2009"]
[BlackElo "2301"]
[PlyCount "96"]
[EventDate "2019.07.05"]

1. e4 d5 2. exd5 Qxd5 3. Nc3 Qd8 4. d4 Nf6 5. Nf3 g6 6. Bc4 Bg7 7. O-O O-O 8.
h3 a6 9. a4 Nc6 10. Be3 b6 11. Qe2 Bb7 12. Rad1 Qd6 13. Rfe1 Qb4 14. Bf4 Na5
15. Bb3 Nxb3 16. cxb3 Qxb3 17. Bxc7 Rac8 18. Bf4 e6 19. Rd2 Rfd8 20. Be5 Qc4
21. Qe3 Nd5 22. Nxd5 Qxd5 23. Qf4 f6 24. Bc7 g5 25. Qg3 Rd7 26. Bxb6 Qb3 27. a5
h5 28. Re3 Qa2 29. Rc3 Rxc3 30. bxc3 Qa1+ 31. Kh2 Qxc3 32. Re2 Qc4 33. Re1 Qb3
34. Re3 Qa2 35. Ne1 Qd5 36. Rc3 Kf7 37. Nd3 Bf8 38. Kg1 Bd6 39. Qf3 Qxf3 40.
gxf3 Bxf3 41. Ne5+ Bxe5 42. dxe5 Rd1+ 43. Kh2 Rh1+ 44. Kg3 h4+ 45. Kxf3 Rxh3+
46. Kg4 Rxc3 47. exf6 h3 48. Kxg5 h2 0-1

[Event "International Tournament "]
[Site "Paracin"]
[Date "2019.07.05"]
[Round "1.60"]
[White "Peng, Shunkai"]
[Black "Mar, Karmen"]
[Result "1-0"]
[WhiteElo "2300"]
[BlackElo "2008"]
[PlyCount "86"]
[EventDate "2019.07.05"]

1. e4 c5 2. Nf3 d6 3. d4 cxd4 4. Nxd4 Nf6 5. Nc3 a6 6. h3 e6 7. g4 Be7 8. Bg2
Nfd7 9. g5 Nc6 10. h4 O-O 11. Be3 Nde5 12. Qe2 Nxd4 13. Bxd4 b5 14. f4 Nc4 15.
b3 e5 16. Bf2 Nb6 17. f5 Bb7 18. O-O Rc8 19. Nd5 Bxd5 20. exd5 f6 21. g6 h6 22.
Rfe1 Qc7 23. Be3 Rfe8 24. Qd2 Bd8 25. Be4 Qc3 26. Qf2 Nd7 27. a4 b4 28. Bd3 Ra8
29. a5 Qc8 30. Be4 Qc3 31. Bd2 Qc5 32. Be3 Qc3 33. Kg2 Qc8 34. Qd2 Nc5 35. Qxb4
Rb8 36. Qc4 Rb5 37. b4 Qb7 38. bxc5 Rb4 39. Qd3 dxc5 40. Bxc5 Rb5 41. d6 Qd7
42. Qd5+ Kh8 43. c4 Rb2+ 1-0

[Event "International Tournament "]
[Site "Paracin"]
[Date "2019.07.05"]
[Round "1.61"]
[White "Mammadov, Mustafa"]
[Black "Colovic, Dusan"]
[Result "1/2-1/2"]
[WhiteElo "2005"]
[BlackElo "2297"]
[PlyCount "109"]
[EventDate "2019.07.05"]

1. d4 d5 2. c4 e6 3. Nf3 c6 4. e3 f5 5. Nc3 Bd6 6. Bd3 Nh6 7. Bd2 O-O 8. Qe2
Nd7 9. O-O-O a5 10. h3 Qf6 11. Kb1 Kh8 12. Rc1 a4 13. cxd5 exd5 14. a3 Nb6 15.
Na2 f4 16. Bb4 Bf5 17. Bxd6 Bxd3+ 18. Qxd3 Qxd6 19. Nc3 fxe3 20. fxe3 Nf5 21.
e4 Ng3 22. Rhe1 dxe4 23. Nxe4 Nxe4 24. Rxe4 Qg6 25. Ne5 Qf5 26. g4 Qf2 27. g5
Qf5 28. g6 h6 29. Ka1 Nd5 30. Qe2 Kg8 31. h4 Rae8 32. Re1 Re6 33. Rg4 Qf2 34.
h5 Qxe2 35. Rxe2 Rf1+ 36. Ka2 Nf4 37. Rh2 c5 38. Rc2 Nxh5 39. Rxc5 Rf8 40. Rc7
b6 41. Rg1 Nf4 42. Rf7 Rf6 43. Rxf8+ Rxf8 44. Nd7 Rd8 45. Nxb6 Rxd4 46. b4 Rd2+
47. Kb1 Rd6 48. Nxa4 Ra6 49. Rg4 Rxa4 50. Rxf4 Rxa3 51. Rc4 Kf8 52. Rf4+ Ke8
53. Rf7 Rb3+ 54. Kc2 Rxb4 55. Rxg7 1/2-1/2